Представление документа в формате MARC21

Поле Инд. ПП Название Значение
Тип записи a
Библиографический уровень b
001 Контрольный номер 7da32e7c0c7241959c2dcb203dd047f0
005 Дата корректировки 20220205165344.8
024 80 a Стандартный номер DOI: 10.3103/S0145875220060058
040 a Служба первич. каталог. Web of Science
b Код языка каталог. eng
041 0_ a Код языка текста eng
097 a Костяева О.Г.
100 1_ a Автор Gruzdev A. I.
100 1_ a Автор Bobachev A. A.
100 1_ a Автор Shevnin V. A.
c Титул (звания) доктор физико-математических наук;
i 000091212
k Кафедра общей и прикладной геофизики; Факультет естественных и инженерных наук
q Полное имя Шевнин Владимир Алексеевич
u Дополнение Шевнин В. А.
245 10 a Заглавие Determining the Field of Application of the Noncontact Resistivity Technique
773 18 t Название источника Moscow university geology bulletin
b Сведения об издании Pleiades Publishing, Ltd.
c Russia
d Место и дата издания 2020
m Специф. данные входит в Scopus; входит в Wos; входит в ядро РИНЦ; журнал из перечня ВАК;ненулевой импакт-фактор
n Примечание Вестник Московского университета. Серия 4: Геология
q Q3 Scopus 2020; без квартиля WoS 2020
o Прочие индексы scopus 0.32
x ISSN 0145-8752
g Прочая информация V. 75. - № 6. - P. 644-651
w Контрольный № источника 9722423da78f4e69b7444040addf7574
856 40 u URL https://www.elibrary.ru/item.asp?id=46762805
901 t Тип документа b
952 c Вид литературы статья в журнале